বাংলাদেশে নজরুল চর্চা : (Record no. 2253)
[ view plain ]
| 000 -LEADER | |
|---|---|
| fixed length control field | 00792nam a2200229 a 4500 |
| 001 - CONTROL NUMBER | |
| JCCL Control Number | 2253 |
| 003 - CONTROL NUMBER IDENTIFIER | |
| JCCL marc code | BD-JhCC |
| 005 - DATE AND TIME OF LATEST TRANSACTION | |
| control field | 20171108093419.0 |
| 008 - FIXED-LENGTH DATA ELEMENTS--GENERAL INFORMATION | |
| fixed length control field | 171031s1999 bg ||||| |||| 00| 0 ben d |
| 020 ## - INTERNATIONAL STANDARD BOOK NUMBER | |
| International Standard Book Number | 9840739360 |
| 035 ## - SYSTEM CONTROL NUMBER | |
| system control number | (BD-JhCC)2253 |
| 040 ## - CATALOGING SOURCE | |
| Original cataloging agency | BD-JhCC |
| Modifying agency | BD-JhCC |
| 041 ## - LANGUAGE CODE | |
| Language code of Book | ben |
| 082 ## - DEWEY DECIMAL CLASSIFICATION NUMBER | |
| DDC Edition number | 22 |
| Classification number | 923.1 |
| Author mark and Year | MOM 1999 |
| 100 ## - MAIN ENTRY--PERSONAL NAME | |
| Personal name | মোমেনীন, আমিরুল |
| 245 ## - TITLE STATEMENT | |
| Title | বাংলাদেশে নজরুল চর্চা : |
| Remainder of title | নজরুল বিষায়ক রচনাসূচি / |
| Statement of responsibility, etc | আমিরুল মোমেনীন |
| 260 ## - PUBLICATION, DISTRIBUTION, ETC. (IMPRINT) | |
| Place of publication, distribution, etc | ঢাকা : |
| Name of publisher, distributor, etc | বাংলা একাডেমী, |
| Date of publication, distribution, etc | ১৯৯৯ |
| 300 ## - PHYSICAL DESCRIPTION | |
| Pagination | 430 p. : |
| Dimensions | 22cm. |
| 650 ## - SUBJECT ADDED ENTRY--TOPICAL TERM | |
| Topical term or geographic name as entry element | Kazi Nazrul Islam |
| Geographic subdivision | Bengali Literature research |
| 942 ## - ADDED ENTRY ELEMENTS (KOHA) | |
| Source of classification or shelving scheme | Dewey Decimal Classification |
| Koha item type | Books |
| Source of classification or shelving scheme | Damaged status | Not for loan | Home library | Current library | Shelving location | Date of accession | Cost, normal purchase price | Total Checkouts | Full call number | Barcode | Date last seen | Copy number | Koha item type |
|---|---|---|---|---|---|---|---|---|---|---|---|---|---|
| Dewey Decimal Classification | JCC Rouf Library | JCC Rouf Library | General Stacks | 10/31/2017 | 125.00 | 923.1 MOM 1999 | 3246 | 09/03/2024 | C-1 | Books |